Rutland richest location (Record no. 69764)

MARC details
000 -LEADER
fixed length control field 00839cam a2200193 4500
001 - CONTROL NUMBER
control field WB3810-14
008 - FIXED-LENGTH DATA ELEMENTS--GENERAL INFORMATION
fixed length control field 020312n2002 000 0 eng u
035 ## - SYSTEM CONTROL NUMBER
System control number (Sirsi) u117103
245 ## - TITLE STATEMENT
Title Rutland richest location
260 ## - PUBLICATION, DISTRIBUTION, ETC.
Date of publication, distribution, etc. 2002
490 ## - SERIES STATEMENT
Series statement Barclays News Release
Volume/sequential designation 7 March2002
520 ## - SUMMARY, ETC.
Summary, etc. Only Rutland outside of London and South-East features in the top 20 wealthiest places in England and Wales according to new research by Barclays Private Clients 5.7m bank accounts were processed to produce ranking of administrative areas by estimated average salary per person. Table at http://www.newsroom.barclays.co.uk/news/data/685.html
590 ## - LOCAL NOTE (RLIN)
Local note WB
650 ## - SUBJECT ADDED ENTRY--TOPICAL TERM
Topical term or geographic name entry element RANKINGS
650 ## - SUBJECT ADDED ENTRY--TOPICAL TERM
Topical term or geographic name entry element SALARIES
650 ## - SUBJECT ADDED ENTRY--TOPICAL TERM
Topical term or geographic name entry element RUTLAND
690 ## - LOCAL SUBJECT ADDED ENTRY--TOPICAL TERM (OCLC, RLIN)
Topical term or geographic name as entry element MANAGEMENT-BUSINESS MANAGEMENT-FINANCIAL MANAGEMENT
942 ## - ADDED ENTRY ELEMENTS (KOHA)
Suppress in OPAC 0
Holdings
Withdrawn status Lost status Source of classification or shelving scheme Damaged status Not for loan Home library Current library Shelving location Date acquired Total Checkouts Full call number Barcode Date last seen Copy number Price effective from Koha item type
    Dewey Decimal Classification     London London News article 12/03/2002   WB3810-14 117103-1001 06/08/2019 1 06/08/2019 News article